000 01316nam a2200301 c 4500
003 BLK
005 20230406111304.0
008 180411b bul|||||r ||||||| ||bul||
010 _aKNG00191384000
040 _aBLK
041 _aBUL
_cBUL
080 _aБългарска литература
_b821.163.2
_x
_z821.163.2
100 1 _aДанков, Борис Ганчев
_eпърви автор
_9371473
139 _aДанков, Борис Ганчев
_bД 18
245 1 0 _aМагията на словото
_bАнкети
_cБорис Ганчев Данков.
257 _aBGR
260 София
_bПрофиздат
_c1986
300 _a224 с.
_c20 см
380 _a82
500 _a1 910 тир. - Съдържа материали за Вл. Топенчаров, В. Йосифов, Е. Каранфилов, К. Андреев, М. Семов, Н. Инджов, Н. Хайтов, С. Северняк, Ст. Сивриев, Ст. Продев, Т. Генов.
650 4 _aПублицисти, български
_9249967
650 4 _aБългарска литература - след 1944 г. - теми, образи, сюжети
_9244447
852 _aЦб 143485
856 4 _qpdf
_u
856 4 _qpdf
_u
942 _cKNG
_n0
944 _aCR
_c04.10.2016
_kКети_Илиева
944 _aED
_c04.10.2016
_kКети_Илиева
999 _c182459
_d182459